| 000 | 00532nam a22001937a 4500 | ||
|---|---|---|---|
| 003 | DO-SdBNP | ||
| 005 | 20171130094633.0 | ||
| 008 | 171115b 2006 sp ||||| |||| 00| 0 spa d | ||
| 020 | _a8466751823 | ||
| 040 |
_aBPMSU _bspa _cBPMSU |
||
| 092 |
_axxxx _bxxxx |
||
| 100 | 1 | _aJefferies, Cindy | |
| 245 | 1 | 0 |
_aFame School : _bAspirante a estrella. |
| 260 |
_aMadrid : _bAnaya, _c2006 |
||
| 300 |
_a155 p. ; _c20 cm. |
||
| 942 |
_2ddc _cBK |
||
| 945 | _aInventariado extranjero /2017 BT | ||
| 956 |
_aLOPEREZ _b10 _c20171114 _d0041 |
||
| 999 |
_c12892 _d12892 |
||